000 00925nac a22002897a 4500
001 BR8305149
003 BR-BrBNA
005 20240105115843.0
008 230509b bl.|||m| |||| 00| 0 por d
040 _aBR-BrBNA
_bpor
_cBiblioteca Nacional de Agricultura
072 _aM10
090 _a3410 BR8305149
100 1 _aYokoyama, M.Y.
100 1 _aGuimaraes, O.A.
100 1 _aFerrari, V.A.
100 1 _aRamos, R.J.
110 1 _aMuseu Botanico Municipal, Curitiba, PR (Brasil)
_97640
245 1 _aContribuicao ao estudo de algumas algas marinhas produtoras de agar-agar do litoral paranaense [Brasil]
260 3 _aCuritiba, PR (Brasil):
_c1983.
300 _a8 p.
490 _aBoletim do Museu Botanico Municipal (Brazil)
_vno. 60
_x
500 _a12 ref.; Summaries (En, Pt)
650 _aALGA MARINHA
650 _aPARANA
909 _a202312
_bLúcia Elande
_c55
_dLúcia Elande
942 _2AGRIS
_n0
_cMS
999 _c276721
_d276721